[Event "Africa-ch"]
[Site "Maputo MOZ"]
[Date "2011.06.12"]
[Round "8"]
[White "Paiva, Donaldo"]
[Black "Belouadah, Saad"]
[Result "0-1"]
[WhiteElo "2121"]
[BlackElo "2342"]
[EventDate "2011.06.04"]
[PlyCount "58"]

1.d4 Nf6 2.c4 e6 3.Nc3 Bb4 4.e3 c5 5.Bd3 Nc6 6.Nf3 d6 7.O-O Bxc3 8.bxc3 e5
9.dxe5 dxe5 10.Qc2 h6 11.Nd2 O-O 12.f4 Qe7 13.f5 Na5 14.Ne4 Rd8 15.Qe2 b6 
16.Nxf6+ Qxf6 17.Be4 Rb8 18.Bd5 Ba6 19.Qg4 Rxd5 20.cxd5 Bxf1 21.Kxf1 e4 
22.Qxe4 Qxc3 23.Rb1 Nc4 24.Ke2 Nd6 25.Qd3 Qe5 26.Bb2 Qxh2 27.Kf2 Re8 28.
Rf1 Ne4+ 29.Ke1 Qg3+ 0-1

[Event "Africa-ch"]
[Site "Maputo MOZ"]
[Date "2011.06.12"]
[Round "8"]
[White "Phiri, Richmond"]
[Black "El-Taher, Fouad"]
[Result "0-1"]
[WhiteElo "2165"]
[BlackElo "2486"]
[EventDate "2011.06.04"]
[PlyCount "92"]

1.d4 Nf6 2.Bg5 c5 3.d5 Qb6 4.Bc1 e6 5.c4 Qb4+ 6.Nc3 Qxc4 7.e4 Qb4 8.a3 Qa5
9.Bd2 Qd8 10.Nf3 exd5 11.e5 Ne4 12.Nxd5 Nxd2 13.Qxd2 Be7 14.Bd3 Na6 15.O-O
Nc7 16.Nxe7 Qxe7 17.Rac1 h6 18.b4 Ne6 19.Bb1 b6 20.bxc5 Nxc5 21.Nd4 O-O 
22.Nf5 Qxe5 23.Rfe1 Qf6 24.Rc3 d5 25.Ne7+ Kh8 26.Nxd5 Qd6 27.Qc2 f5 28.Rd1
Be6 29.Ne3 Qe5 30.Ng4 Qf4 31.Ne3 Rad8 32.Re1 Rd4 33.g3 Qg5 34.Ng2 Rd2 35.
Qc1 Nb3 36.Rxb3 Bxb3 37.h4 Qd8 38.Nf4 Qd4 39.Rf1 Kg8 40.Ng6 Re8 41.Qc6 Ba4
42.Qf3 Rd1 43.Ba2+ Kh7 44.Bf7 Rxf1+ 45.Kxf1 Qa1+ 46.Kg2 Qf6 0-1

[Event "Africa-ch"]
[Site "Maputo MOZ"]
[Date "2011.06.12"]
[Round "8"]
[White "Solomons, Deon"]
[Black "Aderito, Pedro"]
[Result "1/2-1/2"]
[WhiteElo "2214"]
[BlackElo "2339"]
[EventDate "2011.06.04"]
[PlyCount "43"]

1.Nf3 d6 2.d3 g6 3.g3 Bg7 4.Bg2 c5 5.e4 Nc6 6.O-O Nf6 7.Re1 O-O 8.c3 Bg4 
9.h3 Bc8 10.Nbd2 Nd7 11.a4 Rb8 12.Nc4 b6 13.Bg5 Ba6 14.Bf1 h6 15.Be3 Nde5 
16.Nfxe5 dxe5 17.Rb1 Rb7 18.Qc1 Kh7 19.b4 Bxc4 20.dxc4 cxb4 21.cxb4 Nd4 
22.Bxd4 1/2-1/2

[Event "Africa-ch"]
[Site "Maputo MOZ"]
[Date "2011.06.12"]
[Round "8"]
[White "Steel, Henry"]
[Black "Haddouche, Mohamed"]
[Result "1-0"]
[WhiteElo "2328"]
[BlackElo "2398"]
[EventDate "2011.06.04"]
[PlyCount "70"]

1.e4 e5 2.Nf3 Nc6 3.Nc3 d6 4.d4 Bg4 5.d5 Nce7 6.Bb5+ Bd7 7.a4 Nf6 8.O-O g6
9.Qe2 Bg7 10.a5 c6 11.dxc6 bxc6 12.Bc4 O-O 13.Rd1 Qc7 14.Bg5 Rad8 15.h3 
Bc8 16.b4 d5 17.Bb3 h6 18.Bh4 Nxe4 19.Nxe4 dxe4 20.Rxd8 Qxd8 21.Qxe4 Bf5 
22.Qe1 g5 23.Rd1 Qc8 24.Bg3 Nd5 25.Bxd5 cxd5 26.Rxd5 Qxc2 27.Bxe5 Re8 28.
Qa1 Bf8 29.b5 Qb3 30.Qd4 Qb1+ 31.Qd1 Qb4 32.a6 Be6 33.Rd8 Qe7 34.Rxe8 Qxe8
35.Bd4 Bc4 1-0

[Event "Africa-ch"]
[Site "Maputo MOZ"]
[Date "2011.06.13"]
[Round "9"]
[White "Aderito, Pedro"]
[Black "Phiri, Richmond"]
[Result "1-0"]
[WhiteElo "2339"]
[BlackElo "2165"]
[EventDate "2011.06.04"]
[PlyCount "143"]

1.e4 c5 2.Nc3 Nc6 3.Nf3 g6 4.d4 cxd4 5.Nxd4 Bg7 6.Be3 d6 7.Bc4 Bd7 8.Bb3 
Nf6 9.f3 O-O 10.Qd2 Rc8 11.h4 h5 12.O-O-O Ne5 13.Bh6 Nc4 14.Bxc4 Rxc4 15.
Bxg7 Kxg7 16.g4 Qa5 17.Nb3 Qa6 18.e5 Nxg4 19.fxg4 Bxg4 20.exd6 exd6 21.
Rde1 b5 22.Kb1 b4 23.Nd5 Bf3 24.Rhf1 Bxd5 25.Qxd5 Rxh4 26.Nd4 Qb6 27.Rd1 
Rg4 28.b3 Qc7 29.Qf3 Re8 30.Nb5 Qe7 31.Nxd6 Rd8 32.Qd5 Rxd6 33.Qxd6 Qxd6 
34.Rxd6 f5 35.a4 bxa3 36.Ka2 h4 37.c4 Rg2+ 38.Kxa3 a5 39.Ka4 h3 40.Kxa5 h2
41.Rdd1 g5 42.c5 g4 43.Rc1 g3 44.c6 Ra2+ 45.Kb4 g2 46.c7 Rc2 47.Rcd1 f4 
48.Rh1 gxh1=Q 49.Rxh1 f3 50.Rxh2 Rxh2 51.c8=Q Rh6 52.Ka5 Rf6 53.Qc7+ Kg6 
54.Qg3+ Kh5 55.Qf2 Rf5+ 56.Ka4 Kg4 57.b4 Rf4 58.Ka5 Re4 59.b5 Re7 60.Qd4+ 
Kh3 61.Qf6 Kg3 62.b6 Kf2 63.Qf4 Kg2 64.Qg4+ Kf2 65.Qd4+ Kg3 66.b7 Re8 67.
Qg1+ Kh3 68.Ka6 Rf8 69.Ka7 f2 70.Qf1+ Kg3 71.b8=Q+ Rxb8 72.Kxb8 1-0

[Event "Africa-ch"]
[Site "Maputo MOZ"]
[Date "2011.06.13"]
[Round "9"]
[White "Belouadah, Saad"]
[Black "Amin, Bassem"]
[Result "0-1"]
[WhiteElo "2342"]
[BlackElo "2596"]
[EventDate "2011.06.04"]
[PlyCount "72"]

1.d4 Nf6 2.c4 e6 3.Nf3 Bb4+ 4.Nbd2 O-O 5.a3 Be7 6.g3 c5 7.dxc5 a5 8.Bg2 
Bxc5 9.Nb3 Ba7 10.O-O d5 11.cxd5 exd5 12.Nbd4 Re8 13.Nb5 Bb6 14.Bf4 Ne4 
15.Bxb8 Rxb8 16.Nfd4 Qf6 17.e3 Bd7 18.Bxe4 dxe4 19.Qb3 Bh3 20.Rfd1 Bg4 21.
Rd2 Rbd8 22.Rc1 Re5 23.Nc3 h5 24.Qc2 Rc8 25.Re1 Kh8 26.Qb1 Rce8 27.Nde2 
Qf3 28.Nf4 g5 29.Qd1 gxf4 30.Qxf3 Bxf3 31.gxf4 R5e6 32.f5 Re5 33.Rd5 Bc7 
34.Rc1 Rxd5 35.Nxd5 Rg8+ 36.Kf1 Bxh2 0-1

[Event "Africa-ch"]
[Site "Maputo MOZ"]
[Date "2011.06.13"]
[Round "9"]
[White "Chumfwa, Stanley"]
[Black "Ezat, Mohamed"]
[Result "1/2-1/2"]
[WhiteElo "2340"]
[BlackElo "2453"]
[EventDate "2011.06.04"]
[PlyCount "100"]

1.Nf3 Nf6 2.c4 c5 3.Nc3 d5 4.cxd5 Nxd5 5.d4 Nxc3 6.bxc3 g6 7.e4 Bg7 8.Be2 
O-O 9.Rb1 Nc6 10.d5 Bxc3+ 11.Bd2 Bxd2+ 12.Qxd2 Nd4 13.Nxd4 cxd4 14.Qxd4 e6
15.d6 Qa5+ 16.Qd2 Qe5 17.O-O Rd8 18.Rfd1 Qxe4 19.Bf3 Qe5 20.Bxb7 Bxb7 21.
Rxb7 Rac8 22.d7 Rc7 23.Rxc7 Qxc7 24.h4 h5 25.g3 Kh7 26.Qd4 Kg8 27.Kh2 Kh7 
28.Kh3 Kg8 29.f3 Qc6 30.Qd3 Kh7 31.Kh2 Qc7 32.Qd4 Kg8 33.Rd2 Kh7 34.Kg2 
Kg8 35.g4 hxg4 36.fxg4 Kh7 37.Kf3 Qc1 38.Kf2 Qc7 39.Qd6 Qc4 40.Kg3 Qc3+ 
41.Kh2 Qf3 42.Qg3 Qc6 43.Qd3 Qc7+ 44.Qd6 Qc4 45.Rf2 Kg8 46.Rg2 Qd5 47.Rd2 
Qxd6+ 48.Rxd6 Kf8 49.Kg3 Ke7 50.Ra6 Rxd7 1/2-1/2

[Event "Africa-ch"]
[Site "Maputo MOZ"]
[Date "2011.06.13"]
[Round "9"]
[White "Domingos, Ediberto"]
[Black "Alice Mateus, Felizardo Viageiro"]
[Result "1-0"]
[WhiteElo "2201"]
[BlackElo "2190"]
[EventDate "2011.06.04"]
[PlyCount "79"]

1.d4 Nf6 2.Nf3 e6 3.c4 b6 4.Nbd2 Bb7 5.e3 c5 6.Be2 Be7 7.O-O O-O 8.b3 d5 
9.Bb2 Nbd7 10.Ne5 cxd4 11.exd4 dxc4 12.Ndxc4 Rc8 13.Nd3 Nd5 14.Bf3 N7f6 
15.Qd2 Rc7 16.Rac1 Qa8 17.a3 Rfc8 18.h3 h6 19.Nce5 Nh7 20.Bh5 Bf8 21.Rxc7 
Rxc7 22.Rc1 Rxc1+ 23.Qxc1 g6 24.Be2 Nhf6 25.Bf3 Qe8 26.Qc4 Qc8 27.Kf1 Ba6 
28.Qxc8 Bxc8 29.a4 a5 30.Nc4 Bb7 31.Nxb6 Bd6 32.Nc4 Bc7 33.Nc5 Bc8 34.Bc1 
g5 35.Bd2 Ne7 36.Bxa5 Bxa5 37.Nxa5 Nf5 38.Nc6 Bd7 39.Nxd7 Nxd7 40.g3 1-0

[Event "Africa-ch"]
[Site "Maputo MOZ"]
[Date "2011.06.13"]
[Round "9"]
[White "El-Gindy, Essam"]
[Black "Makoto, Rodwell"]
[Result "1/2-1/2"]
[WhiteElo "2506"]
[BlackElo "2157"]
[EventDate "2011.06.04"]
[PlyCount "56"]

1.d4 Nf6 2.c4 g6 3.Nc3 d5 4.cxd5 Nxd5 5.Bd2 Bg7 6.e4 Nb6 7.Be3 O-O 8.h3 e5
9.Nf3 exd4 10.Bxd4 Nc6 11.Bxg7 Kxg7 12.Bb5 Qxd1+ 13.Rxd1 Nd8 14.O-O a6 15.
Be2 Ne6 16.Rfe1 Bd7 17.Ne5 Rfd8 18.Nxd7 Rxd7 19.Rxd7 Nxd7 20.Bg4 Ndf8 21.
Rd1 h5 22.Be2 b5 23.e5 Rd8 24.Rxd8 Nxd8 25.f4 Nde6 26.g3 h4 27.Kf2 Nd7 28.
Bg4 Nec5 1/2-1/2

[Event "Africa-ch"]
[Site "Maputo MOZ"]
[Date "2011.06.13"]
[Round "9"]
[White "Roberto Soares, Erikson"]
[Black "Paiva, Donaldo"]
[Result "0-1"]
[WhiteElo "2196"]
[BlackElo "2121"]
[EventDate "2011.06.04"]
[PlyCount "80"]

1.d4 Nf6 2.c4 g6 3.Nc3 Bg7 4.e4 d6 5.f3 O-O 6.Be3 e5 7.d5 Nh5 8.Qd2 f5 9.
O-O-O f4 10.Bf2 Bf6 11.Nge2 Bh4 12.Bg1 Nd7 13.Kb1 a5 14.Kc2 b6 15.g3 fxg3 
16.hxg3 Nxg3 17.Rxh4 Qxh4 18.Qe1 Rxf3 19.Bg2 Rf7 20.Qxg3 Qxg3 21.Nxg3 Nf6 
22.Rf1 Bg4 23.Be3 Kg7 24.Nb5 Raf8 25.Rh1 h5 26.Kd3 Bc8 27.Bf1 Ng4 28.Be2 
Nxe3 29.Kxe3 Ba6 30.b3 Bxb5 31.cxb5 Kh6 32.Nf1 Rf2 33.Nd2 Rg2 34.Nf1 Rf4 
35.a4 h4 36.Rh2 Rxh2 37.Nxh2 h3 38.Bd1 Kg5 39.Nf3+ Kg4 40.Ng1+ Kh4 0-1

[Event "Africa-ch"]
[Site "Maputo MOZ"]
[Date "2011.06.13"]
[Round "9"]
[White "Haddouche, Mohamed"]
[Black "Njili, Kamel"]
[Result "1-0"]
[WhiteElo "2398"]
[BlackElo "2305"]
[EventDate "2011.06.04"]
[PlyCount "91"]

1.e4 c5 2.c3 Nf6 3.d3 d5 4.Nd2 Nc6 5.Ngf3 e6 6.Be2 Bd6 7.O-O O-O 8.Re1 Qc7
9.Bf1 b6 10.Qe2 dxe4 11.dxe4 e5 12.Nc4 Be7 13.Qc2 Bb7 14.Ne3 Rfd8 15.Nf5 
h6 16.Nxe7+ Nxe7 17.Nd2 Ng6 18.g3 Rd7 19.a4 Rad8 20.f3 Bc6 21.Nc4 Ne8 22.
Ne3 Nf8 23.Rd1 Rxd1 24.Nxd1 f5 25.Nf2 Nf6 26.Be3 f4 27.Bd2 fxg3 28.hxg3 
Nh5 29.g4 Nf4 30.Bxf4 exf4 31.Rd1 Rxd1 32.Qxd1 Ng6 33.Qb3+ Kh8 34.a5 Ne5 
35.Be2 c4 36.axb6 axb6 37.Qa3 Qd8 38.Kf1 Nd3 39.Bxd3 cxd3 40.Qb4 d2 41.Ke2
Qh4 42.Qxb6 Bb5+ 43.Qxb5 Qxf2+ 44.Kxf2 d1=Q 45.Qf1 Qd8 46.Ke2 1-0

[Event "Africa-ch"]
[Site "Maputo MOZ"]
[Date "2011.06.13"]
[Round "9"]
[White "Jere, Daniel"]
[Black "Niazi, Nehad"]
[Result "1-0"]
[WhiteElo "2320"]
[BlackElo "2216"]
[EventDate "2011.06.04"]
[PlyCount "49"]

1.c4 c6 2.g3 d5 3.Bg2 Nf6 4.Nf3 dxc4 5.Qc2 g6 6.Na3 Bg7 7.Nxc4 O-O 8.O-O 
Na6 9.a3 Nc7 10.b4 Bg4 11.Bb2 Ne6 12.Na5 Qb6 13.Qc4 Rad8 14.Bxf6 Bxf3 15.
Bxg7 Bd5 16.Qh4 Kxg7 17.e4 g5 18.Qh3 Bb3 19.Nxb3 Rd3 20.Na5 Qb5 21.Qf5 b6 
22.e5 Nd4 23.Qxg5+ Kh8 24.Qxe7 Kg8 25.a4 1-0

[Event "Africa-ch"]
[Site "Maputo MOZ"]
[Date "2011.06.13"]
[Round "9"]
[White "Solomon, Kenny"]
[Black "Adly, Ahmed"]
[Result "0-1"]
[WhiteElo "2433"]
[BlackElo "2630"]
[EventDate "2011.06.04"]
[PlyCount "82"]

1.d4 d5 2.Nf3 Nf6 3.c4 e6 4.Nc3 c6 5.Bg5 Nbd7 6.Qb3 Be7 7.e3 Ne4 8.Bxe7 
Qxe7 9.Bd3 f5 10.Rd1 b5 11.cxd5 exd5 12.O-O b4 13.Na4 O-O 14.Rc1 Bb7 15.
Rfe1 Rf6 16.g3 a5 17.a3 Kh8 18.axb4 axb4 19.Nc5 Nexc5 20.dxc5 Rb8 21.Qc2 
Ra8 22.Qb3 Rb8 23.Be2 Bc8 24.Qc2 Ra8 25.Nd4 Ne5 26.Ra1 Rb8 27.Rec1 g5 28.
Re1 f4 29.Bf1 fxg3 30.hxg3 Qf7 31.Bg2 g4 32.e4 Nf3+ 33.Bxf3 gxf3 34.exd5 
cxd5 35.Re3 Bh3 36.Rae1 Bg2 37.Nf5 Rg8 38.Qd3 Qh5 39.Nh4 Qg4 40.Nxg2 Qh3 
41.Nh4 Rxg3+ 0-1